Militarismo y reformismo en Honduras

সংরক্ষণ করুন:
গ্রন্থ-পঞ্জীর বিবরন
প্রধান লেখক: Salomón, Leticia
বিন্যাস: পাঠ‍্য
প্রকাশিত: Tegucigalpa: Guaymuras
ট্যাগগুলো: ট্যাগ যুক্ত করুন
কোনো ট্যাগ নেই, প্রথমজন হিসাবে ট্যাগ করুন!

MARC

LEADER 00000 a a2200000 04500
001 24971
003
040
090 |a 176500  
100 |a Salomón, Leticia  
245 |a Militarismo y reformismo en Honduras  
260 |a Tegucigalpa:   |b Guaymuras  
300 |a 245 p   |b **no definido**  
999 |c 13112  |d 13112